000 00673cam a2200241 a 4500
001 000008052
005 20200929154418.0
008 920806s1995 sp 000 f spa d
020 _a8420646210
040 _aDO-SdBNP
_cWaU
_dDLC
082 _a863.6
_bC392ca
100 1 _aCela, Camilo José,
_d1916-2002.
_93188
245 1 0 _aCafé de artistas /
_cCamilo José Cela.
260 _aMadrid :
_bAlianza,
_c1995.
300 _a64 p. ;
_c16 cm.
490 0 _aAlianza cien
_v21
650 4 _aNovela española
_91123
650 4 _aLiteratura española
_9632
830 0 _aAlianza cien;
_v21
_912832
910 _aCatalogación por copia / LC
910 _aWM
049 _aBNGR
999 _c7829
_d7829